Rethinking leadership / (Record no. 3699)

MARC details
000 -LEADER
fixed length control field 00483cam a22001694i 4500
008 - FIXED-LENGTH DATA ELEMENTS--GENERAL INFORMATION
fixed length control field 130506s2012 nr 001 0 eng
020 ## - INTERNATIONAL STANDARD BOOK NUMBER
ISBN 9789789102020
100 1# - MAIN ENTRY--AUTHOR
Author Onyeke, Onyeke A.,
245 10 - TITLE STATEMENT
Title Rethinking leadership /
Statement of responsibility, etc Prof. Onyeke A. Onyeke.
260 ## - PUBLICATION, DISTRIBUTION, ETC. (IMPRINT)
Place of publication Enugu
Name of publisher Snaap Press Nigeria Ltd.
Date of publication 2012
300 ## - COLLATION
Pagination xii, 272 pages ;
500 ## - GENERAL NOTE
General note Includes index.
650 #0 - TRACINGS
Main Subject Leadership
Subdivision (2nd) Psychological aspects.
942 ## - ADDED ENTRY ELEMENTS (KOHA)
Item type Books
050 00 - LIBRARY OF CONGRESS CALL NUMBER
Classification number HM1261
Item number .O59 2012
082 00 - DEWEY DECIMAL CLASSIFICATION NUMBER
Classification number 303.3/4
Holdings
Source of classification or shelving scheme Not for loan Permanent location Current location Date acquired Accession No. Full call number Barcode. Koha item type
Library of Congress Classification   Samuel Ogbemudia Main Library, University of Abuja Samuel Ogbemudia Main Library, University of Abuja 05/29/2025 2023/61281-85 HM1261.O59 2012 2025-2247 Books
Library of Congress Classification   Samuel Ogbemudia Main Library, University of Abuja Samuel Ogbemudia Main Library, University of Abuja 05/29/2025 2023/61281-85 HM1261.O59 2012 2025-2248 Books
Library of Congress Classification   Samuel Ogbemudia Main Library, University of Abuja Samuel Ogbemudia Main Library, University of Abuja 05/29/2025 2023/61281-85 HM1261.O59 2012 2025-2249 Books
Library of Congress Classification   Samuel Ogbemudia Main Library, University of Abuja Samuel Ogbemudia Main Library, University of Abuja 05/29/2025 2023/61281-85 HM1261.O59 2012 2025-2250 Books
Library of Congress Classification   Samuel Ogbemudia Main Library, University of Abuja Samuel Ogbemudia Main Library, University of Abuja 05/29/2025 2023/61281-85 HM1261.O59 2012 2025-2251 Books